000 00600nam a2200205Ia 4500
003 GCL
008 140319s9999 xx 000 0 ara d
040 _aGCL /
_cGCL
082 0 4 _a410
_bم ع
100 1 _aمحمود السعران
245 1 0 _aعلم اللغة: مقدمة القارئ العربى /
_cمحمود السعران
260 _a[S.N] :
_bدار الفكر العربى ،
_c1992
300 _a462 ص
490 _a
650 0 4 _aاللغة العربية
650 0 4 _aالصرف
650 0 4 _aالبلاغة العربية
650 0 4 _aالتاريخ
942 _2ddc
_cBK
999 _c32297
_d32297